000 00378nam a22001217a 4500
008 140128b xxu||||| |||| 00| 0 eng d
010 _a2005035008
020 _a978052185903
_cAvailable
082 _a572.80285
_b001718
100 _gHB,322
245 _aSystems Biology Properties of Reconstructed Networks
_cPalsson
_hEnglish
260 _aNew York
_bCambridge University Press
_c2006
999 _c23810
_d23810